01169nam a2200289 a 4500003000900000005001700009008004100026020001500067040002800082041001300110043000900123082002800132100003200160240003800192245008100230260003800311300002100349500012300370504005300493610003600546650004600582650003600628651002900664942001000693999001500703952016100718AR-MoUNM20260328063357.0110824s2001 ag ! 000 0 spa d a8461070054 aAR-SmUSMbspacAR-SmUSM1 aspaheng as-ag0 a320.982 05bROC 6822201 aRock, David, d1945- 9517010aPolitics in Argentina.lEspañol10aEl radicalismo argentino :b1890-1930 /cDavid Rock ; [tr. Leandro Wolfson]. aBuenos Aires :bAmorrortu,c2001. a356 p. ;c19 cm. aTraducido de: Politics in Argentina, 1890-1930: the rise and fall of radicalism, ed. Cambridge University Press, 1975. aIncluye referencias bibliográficas (p.348-356)2 912844aUnión Cívica Radical 72unescotaHISTORIA POLITICAzARGENTINA990 7aPARTIDO POLITICO2unescot92385 72unescotaARGENTINA92590 cLIBRO c8785d8786 00104070aUNMbUNMd2018-01-25eDonación Marta Tenewickii15492l2o320.982 05 ROC 682p15492r2018-05-09 00:00:00s2018-05-09tEj. Cw2018-01-25yLIBRO